ბათუმის შოთა რუსთაველის სახელმწიფო უნივერსიტეტის ბიბლიოთეკა

აჩუ,აჩუ,ცხენო (ბიბ.ჩანაწერი № 43478)

000 -LEADER
fixed length control field 00791nam a2200217Ia 4500
001 - CONTROL NUMBER
control field 10209
003 - CONTROL NUMBER IDENTIFIER
control field GE_BSU
008 - FIXED-LENGTH DATA ELEMENTS--GENERAL INFORMATION
fixed length control field 181216s||||||||xx |||||||||||||| ||und||
040 ## - CATALOGING SOURCE
Transcribing agency GE_BSU
100 ## - MAIN ENTRY--PERSONAL NAME
Personal name სიხარულიძე,ილია
245 ## - TITLE STATEMENT
Title აჩუ,აჩუ,ცხენო
245 ## - TITLE STATEMENT
Remainder of title ლექსები სკოლამდელი ასაკის ბავშვთათვის
245 ## - TITLE STATEMENT
Statement of responsibility, etc. ილ:ილ.თურაშვილი.
260 ## - PUBLICATION, DISTRIBUTION, ETC.
Place of publication, distribution, etc. თბილისი
260 ## - PUBLICATION, DISTRIBUTION, ETC.
Name of publisher, distributor, etc. ნაკადული
260 ## - PUBLICATION, DISTRIBUTION, ETC.
Date of publication, distribution, etc. 1969
300 ## - PHYSICAL DESCRIPTION
Extent 13გვ;20სმ.
653 ## - INDEX TERM--UNCONTROLLED
Uncontrolled term აჩუ,აჩუ,ცხენო:
653 ## - INDEX TERM--UNCONTROLLED
Uncontrolled term ლექსები სკოლამდელი ასაკის ბავშვთათვის.
942 ## - ADDED ENTRY ELEMENTS (KOHA)
Koha item type წიგნი
ეგზემპლარები
Withdrawn status Lost status Damaged status Not for loan Date acquired Barcode Date last seen Price effective from Koha item type
        2018-12-17 33672 2018-12-17 2018-12-17 წიგნი